| 000 | 00583cam a22001217a 4500 | ||
|---|---|---|---|
| 008 | 180718b-- xxu||||| |||| 00| 0 eng d | ||
| 082 | _aR12065x54 | ||
| 245 |
_aEmployment exchange statistics _cby Directorate General of Employment and Training, Ministry of Labour and Employment |
||
| 260 |
_aNew Delhi _bDirectorate General of Employment and Training, Ministry of Labour _c-- |
||
| 500 | _aLibrary has 1995/96-1999/2000, 2003-2011 | ||
| 650 | _aEmployment agencies - India - Statistics | ||
| 700 | _aIndia. Ministry of Labour and Employment. Directorate General of Employment and Training | ||
| 999 |
_c485972 _d485972 |
||